| 000 | 00619nam a2200181 a 4500 | ||
|---|---|---|---|
| 008 | 120416s1965 ||||||||||||||||| || u | ||
| 050 | _aJF 2011 Pol | ||
| 100 | _aPye, Lucian W | ||
| 245 | 1 | 0 | _aPolitical culture and political development |
| 246 | _aed. by Lucian W. Pye | ||
| 260 |
_aPrinceton, N.J. _bUniversity press _c1965 |
||
| 300 | _ax, 574p. | ||
| 350 | _a0.00 | ||
| 650 | _aPOLITICS | ||
| 650 | _aPOLITICAL DEVELOPMENT | ||
| 700 | _aVerba, Sidney | ||
| 995 |
_D0.00 _FCBU-MAIN LIBRARY (Kitwe) _H1 _I0.00 _M1 _UAVAILABLE _ZAnnex Low-Usage Collection |
||
| 999 |
_c53886 _d53886 |
||